000 01275nam0a22003131 4500
001 v19\rc\1395106
005 20260406111818.0
035 _a(NLR Aleph) 004526581
090 _a4921195
_c4921195
100 _a20060512d1883 |||y0rusy50 ca
101 1 _arus
_cger
102 _aRU
105 _aa z |||||
200 1 _aЧеловеческое тело, его строение, жизнь и холя
_eРуководство для учащихся
_fСост. д-р К. Бок, проф. патол. анатомии в Лейпциге
_gПер. с нем. под ред. И. Паульсона
205 _a8-е изд.
210 _aСанкт-Петербург
_cтип. В. Безобразова и К°
_d1883
215 _aVIII, 208 с.
_cил.
_d18
700 1 _8rus
_7ca
_aБок
_bК. Э.
_f1809-1874
_gКарл Эрнст
_3RU\NLR\AUTH\77117663
_9100588
702 1 _4340
_8rus
_7ca
_aПаульсон
_bИ. И.
_f1825-1898
_gИосиф Иванович
_3RU\NLR\AUTH\77123956
_9106881
801 0 _aRU
_bNLR
_gpsbo
801 0 _aRU
_bRuMoRGB
_2psbo
801 1 _aRU
_bProSoft-M
_2rusmarc
801 2 _aRU
_bNLR
_c20130723
_2rusmarc
852 _aNLR
_j18.151.3.1
899 _aRuMoRGB
_jU 386/183
899 _aБАН
899 _aНБ СПбГУ
942 _cBOOK
980 _aNB